000 00765nam a22001817a 4500
003 NALT
005 20230811130040.0
008 s2550 th tha d
040 _aNALT
041 _atha
090 _aอศ
_bบ795ค 2550
245 0 0 _aคุณหญิงเบญจา แสงมลิ ปรมาจารย์ด้านการอนุบาลศึกษาไทย.
260 _aกรุงเทพฯ :
_bรักลูกแฟมิลี่กรุ๊ป,
_c2550.
300 _a295 หน้า :
_bภาพประกอบ, ตาราง ;
_c30 ซม.
600 0 4 _961316
_aเบญจา แสงมลิ, คุณหญิง
_xชีวประวัติ
850 _aNALT
942 _cCRE
_2local
999 _c72407
_d72407
998 _j104
_k นางสาวสายฝน ดีงาม